000 00541pab a2200169 454500
008 180718b2009 xxu||||| |||| 00| 0 eng d
100 _aMizrahi, Shlomo
245 _aCitizens' learning, involvement, and participation in decision-making under the democratic ethos: a theoretical framework and the Israeli experience
260 _c2009
300 _ap.438-60.
362 _aApr
650 _aDecision making
700 _aVigoda-Gadot, Eran
773 _aInternational Journal of Public Administration
908 _aN
909 _a82478
999 _c82478
_d82478